The num8er my5teries/ (Record no. 13959)
[ view plain ]
| 000 -LEADER | |
|---|---|
| fixed length control field | 01122nam a22002297a 4500 |
| 008 - FIXED-LENGTH DATA ELEMENTS--GENERAL INFORMATION | |
| fixed length control field | 100503s2007 enk||||es|||| 00| 0 eng d |
| 082 ## - DEWEY DECIMAL CLASSIFICATION NUMBER | |
| Edition number | 22 |
| Classification number | 510.71 |
| Item number | SAU |
| 100 ## - MAIN ENTRY--PERSONAL NAME | |
| 9 (RLIN) | 13777 |
| Personal name | Du Sautoy, Marcus |
| 110 ## - MAIN ENTRY--CORPORATE NAME | |
| 9 (RLIN) | 13778 |
| 245 ## - TITLE STATEMENT | |
| Title | The num8er my5teries/ |
| Statement of responsibility, etc | Marcus Du Sautoy; Royal Institution of Great Britain.; Leverhulme Trust |
| 246 ## - VARYING FORM OF TITLE | |
| Title proper/short title | Number mysteries |
| 260 ## - PUBLICATION, DISTRIBUTION, ETC. (IMPRINT) | |
| Place of publication, distribution, etc | London : |
| Name of publisher, distributor, etc | Royal Institution : Leverhulme Trust : Five, 2007. |
| Date of publication, distribution, etc | 2007 |
| 300 ## - PHYSICAL DESCRIPTION | |
| Extent | 1 videodisc (PAL region 2) (190 min.) : |
| Other physical details | sd., col. ; |
| Dimensions | 4 3/4 in. |
| 440 ## - SERIES STATEMENT/ADDED ENTRY--TITLE | |
| 9 (RLIN) | 13776 |
| 490 ## - SERIES STATEMENT | |
| Series statement | Royal Institution Christmas lectures, 2006 |
| 505 ## - FORMATTED CONTENTS NOTE | |
| Formatted contents note | 1. The curious incident of the neverending numbers -- 2. The story of the elusive shape -- 3. The secret of the winning streak -- 4. The case of the uncrackable code -- 5. The quest to predict the future. |
| 650 ## - SUBJECT ADDED ENTRY--TOPICAL TERM | |
| 9 (RLIN) | 13780 |
| Topical term or geographic name as entry element | Mathematics |
| General subdivision | Study and teaching |
| 710 ## - ADDED ENTRY--CORPORATE NAME | |
| 9 (RLIN) | 13778 |
| Corporate name or jurisdiction name as entry element | Royal Institution of Great Britain |
| 710 ## - ADDED ENTRY--CORPORATE NAME | |
| 9 (RLIN) | 13779 |
| Corporate name or jurisdiction name as entry element | Leverhulme Trust |
| 942 ## - ADDED ENTRY ELEMENTS (KOHA) | |
| Source of classification or shelving scheme | Dewey Decimal Classification |
| Item type | |
| Withdrawn status | Lost status | Source of classification or shelving scheme | Damaged status | Not for loan | Location (home branch) | Sublocation or collection (holding branch) | Shelving location | Date acquired | Source of acquisition | Koha issues (times borrowed) | Koha full call number | Piece designation (barcode) | Koha date last seen | Price effective from | Koha item type |
|---|---|---|---|---|---|---|---|---|---|---|---|---|---|---|---|
| Dewey Decimal Classification | Central Library | Central Library | First floor | 03/05/2010 | 510.71 SAU | 000020797 | 24/08/2022 | 03/05/2010 | CD | DVD - (NB) |